[Event "ch-USA 2012"]
[Site "Saint Louis USA"]
[Date "2012.05.12"]
[Round "5"]
[White "Stripunsky,A"]
[Black "Seirawan,Y"]
[Result "1-0"]
[WhiteElo "2562"]
[BlackElo "2643"]

1.e4 c6 2.c4 d5 3.cxd5 cxd5 4.exd5 Nf6 5.Qa4+ Nbd7 6.Nc3 g6 7.Nf3 Bg7 8.Bc4 a6
9.d3 O-O 10.Qa3 b6 11.O-O Bb7 12.Be3 b5 13.Bb3 Nb6 14.Bxb6 Qxb6 15.Qxe7 a5
16.Qe3 Qxe3 17.fxe3 a4 18.Bd1 Nxd5 19.Nxd5 Bxd5 20.d4 Rfe8 21.Kf2 a3 22.Bb3 axb2
23.Rab1 Bxb3 24.axb3 Ra2 25.Rfe1 Bf8 26.Re2 Ba3 27.Rc2 Ra1 28.Nd2 Kf8 29.Ke2 Ke7
30.e4 Kd7 31.Kd3 f6 32.b4 Ra8 33.Rc5 Rb8 34.Kc3 Rb6 35.g4 Re6 36.Kb3 Rd6
37.d5 Rb6 38.Rc3 Kd6 39.Rf3 Ke5 40.Rff1  1-0

[Event "ch-USA 2012"]
[Site "Saint Louis USA"]
[Date "2012.05.13"]
[Round "6"]
[White "Seirawan,Y"]
[Black "Robson,R"]
[Result "1-0"]
[WhiteElo "2643"]
[BlackElo "2614"]

1.c4 Nf6 2.Nc3 g6 3.g3 d5 4.cxd5 Nxd5 5.Bg2 Nxc3 6.bxc3 Bg7 7.Rb1 Nd7 8.c4 O-O
9.Nf3 c5 10.O-O Rb8 11.d3 b6 12.Bb2 Bxb2 13.Rxb2 Bb7 14.Qd2 Qc7 15.Qf4 Qxf4
16.gxf4 Bxf3 17.Bxf3 Rfc8 18.Kg2 e6 19.a4 a5 20.Rfb1 Kf8 21.Kf1 Ke7 22.Ke1 Kd6
23.Kd2 Kc7 24.e3 h6 25.h4 Rg8 26.Rg1 h5 27.d4 cxd4 28.exd4 Kd6 29.Kc3 Rgc8
30.Rgb1 Ke7 31.Kd3 Rd8 32.Bc6 Kf6 33.Bxd7 Rxd7 34.Rxb6 Rbd8 35.d5 Kf5 36.Rb7 Kxf4
37.Rxd7 Rxd7 38.Kd4 g5 39.hxg5 h4 40.Rb8 Kxg5 41.Ke5 exd5 42.Rg8+ Kh5 43.cxd5 h3
44.d6 f6+ 45.Ke6 Rh7 46.Rg1 Kh4 47.Rh1 Kg4 48.d7 Rh8 49.Kxf6  1-0

[Event "ch-USA 2012"]
[Site "Saint Louis USA"]
[Date "2012.05.18"]
[Round "10"]
[White "Seirawan,Y"]
[Black "Kaidanov,G"]
[Result "1/2-1/2"]
[WhiteElo "2643"]
[BlackElo "2594"]

1.c4 e6 2.g3 d5 3.Bg2 Nf6 4.Nf3 dxc4 5.Qa4+ Nbd7 6.Qxc4 c5 7.Qb3 Rb8 8.d3 Bd6
9.Nc3 a6 10.Nd2 O-O 11.O-O b6 12.Nde4 Nxe4 13.Nxe4 Be5 14.Bd2 Nf6 15.Bc3 Bxc3
16.bxc3 Nxe4 17.Bxe4 b5 18.a4 Bb7 19.Bxb7 Rxb7 20.axb5 axb5 21.Ra6 Qc7 22.Qa2 b4
23.Qc4 Rfb8 24.cxb4 Rxb4 25.Qc3 Rb3 26.Qc4 R3b4 27.Qc3 Rb3 28.Qc4 R3b4 29.Qc3  1/2-1/2

[Event "Classical Exhibition Match"]
[Site "Saint Louis USA"]
[Date "2012.06.11"]
[Round "2"]
[White "Seirawan,Y"]
[Black "Karpov,Ana"]
[Result "1/2-1/2"]
[WhiteElo "2643"]
[BlackElo "2615"]

1.d4 Nf6 2.c4 e6 3.Nf3 b6 4.g3 Ba6 5.Qc2 d5 6.cxd5 exd5 7.Nc3 c6 8.Bg2 Be7
9.O-O O-O 10.Rd1 Bb7 11.e4 Nxe4 12.Nxe4 dxe4 13.Ne5 f6 14.Qc4+ Qd5 15.Bxe4 Qxc4
16.Nxc4 Na6 17.Bf4 Rfd8 18.h4 g6 19.Bf3 Nb4 20.Ne3 Bd6 21.a3 Nd5 22.Nxd5 cxd5
23.Bxd6 Rxd6 24.Rac1 Rd7 25.Re1 Kf8 26.Bg4 Rf7 27.f4 Re8 28.Rxe8+ Kxe8 29.f5 Re7
30.Kf2 Kf7 31.fxg6+ hxg6 32.Be2 Re8 33.Bf3 Ke6 34.Re1+ Kf7 35.Rxe8 Kxe8 36.Ke3 g5
37.Bg4 Kf7 38.Bf5 Bc6 39.h5 Kg7 40.g4 Kh6 41.Be6 a5 42.Kd2 b5 43.Kc3 Kg7
44.b4 a4 45.Kd3  1/2-1/2

[Event "Rapid Exhibition Match"]
[Site "Saint Louis USA"]
[Date "2012.06.12"]
[Round "1"]
[White "Karpov,Ana"]
[Black "Seirawan,Y"]
[Result "1/2-1/2"]
[WhiteElo "2615"]
[BlackElo "2643"]

1.d4 d5 2.c4 c6 3.Nf3 Nf6 4.e3 Bg4 5.h3 Bxf3 6.Qxf3 e6 7.Nc3 Nbd7 8.Bd3 g6
9.O-O Bg7 10.Rd1 O-O 11.Bd2 Re8 12.Be1 Qe7 13.Qe2 Rad8 14.Qc2 a6 15.Qb3 Rb8
16.Rac1 Qd8 17.Ne2 Qb6 18.Qxb6 Nxb6 19.b3 Nbd7 20.Nc3 Bf8 21.Kf1 Bd6 22.g4 h6
23.Rc2 Kg7 24.f3 Rbd8 25.h4 h5 26.g5 Ng8 27.c5 Bc7 28.f4 Ne7 29.b4 Nf5 30.Bf2 Ra8
31.a4 Ra7 32.Ne2 f6 33.Ng1 fxg5 34.hxg5 Kf7 35.Nf3 Rd8 36.Ke2 Ke7 37.Rb1 Rc8
38.Be1 Raa8 39.Kf2 Ra7 40.Bd2 Rd8 41.Rcb2 Rc8 42.e4 dxe4 43.Bxe4 Bd8 44.Rc2 Kf7
45.Re1 Bc7 46.Bc1 Ne7  1/2-1/2

[Event "Rapid Exhibition Match"]
[Site "Saint Louis USA"]
[Date "2012.06.12"]
[Round "2"]
[White "Seirawan,Y"]
[Black "Karpov,Ana"]
[Result "1/2-1/2"]
[WhiteElo "2643"]
[BlackElo "2615"]

1.Nf3 Nf6 2.c4 e6 3.Nc3 d5 4.d4 Be7 5.Bg5 h6 6.Bh4 O-O 7.e3 Ne4 8.Bxe7 Qxe7
9.cxd5 Nxc3 10.bxc3 exd5 11.c4 dxc4 12.Bxc4 Nc6 13.O-O Na5 14.Be2 c5 15.Rc1 cxd4
16.Nxd4 b6 17.Bf3 Bb7 18.Bxb7 Nxb7 19.Nc6 Qe6 20.Qb3 Rfe8 21.Qxe6 Rxe6 22.Nd4 Re7
23.Rc6 Rd8 24.Rfc1 Nc5 25.g3 Rd5 26.Rc8+ Kh7 27.Kg2 g6 28.Rc4 Kg7 29.a4 Nd3
30.Nc6 Red7 31.Nb4 Nxb4 32.Rxb4 Rd2 33.h4 h5 34.Rf4  1/2-1/2

[Event "Blitz Exhibition Match"]
[Site "Saint Louis USA"]
[Date "2012.06.13"]
[Round "2"]
[White "Seirawan,Y"]
[Black "Karpov,Ana"]
[Result "1/2-1/2"]
[WhiteElo "2643"]
[BlackElo "2615"]

1.c4 e6 2.Nc3 d5 3.d4 Nf6 4.Bg5 Be7 5.e3 h6 6.Bh4 b6 7.cxd5 Nxd5 8.Bxe7 Qxe7
9.Nxd5 exd5 10.Ne2 Ba6 11.Nc3 Bxf1 12.Kxf1 c6 13.g3 O-O 14.Kg2 Nd7 15.Qd3 Nf6
16.Rac1 Rfd8 17.Rc2 c5 18.dxc5 bxc5 19.Na4 Rac8 20.Rhc1 Ne4 21.Nc3 Nxc3 22.Rxc3 Rc6
23.b3 h5 24.h4 g6 25.R3c2 a5 26.Kg1 Qc7 27.Qb5 Rb8 28.Qe2 a4 29.Qd3 axb3
30.axb3 Qd6 31.Rd1 d4 32.Qe4 Qe6 33.Qxe6 Rxe6 34.exd4 cxd4 35.Rd3 Re1+ 36.Kg2 Rb1  1/2-1/2

[Event "Blitz Exhibition Match"]
[Site "Saint Louis USA"]
[Date "2012.06.13"]
[Round "3"]
[White "Karpov,Ana"]
[Black "Seirawan,Y"]
[Result "0-1"]
[WhiteElo "2615"]
[BlackElo "2643"]

1.d4 d5 2.c4 c6 3.Nf3 Nf6 4.e3 Bg4 5.h3 Bxf3 6.Qxf3 e6 7.Nc3 Nbd7 8.Bd3 g6
9.O-O Bg7 10.Rd1 O-O 11.Bd2 Re8 12.Be1 Nb6 13.b3 Nc8 14.Qe2 Nd7 15.b4 a6
16.a4 Nd6 17.cxd5 cxd5 18.a5 Rc8 19.Rac1 Qe7 20.Na4 e5 21.dxe5 Nxe5 22.Rxc8 Nxc8
23.Qa2 Nxd3 24.Rxd3 d4 25.Nc5 Nd6 26.Bd2 Nb5 27.Qd5 dxe3 28.Rxe3 Qd8 29.Rxe8+ Qxe8
30.Qxb7 Bd4 31.Qe4 Qc8 32.Be3 Bxc5 33.Bxc5 Qe6 34.Qa8+ Kg7 35.Qf8+ Kf6 36.Qh8+ Kf5
37.Qxh7 Nc3 38.Be3 Qb3 39.g4+ Ke4  0-1

[Event "Blitz Exhibition Match"]
[Site "Saint Louis USA"]
[Date "2012.06.13"]
[Round "8"]
[White "Seirawan,Y"]
[Black "Karpov,Ana"]
[Result "0-1"]
[WhiteElo "2643"]
[BlackElo "2615"]

1.c4 e6 2.Nc3 d5 3.d4 Nf6 4.Bg5 Be7 5.cxd5 Nxd5 6.Bxe7 Qxe7 7.e4 Nxc3 8.bxc3 O-O
9.Nf3 Rd8 10.Bc4 Nc6 11.O-O b6 12.Qe2 Bb7 13.Rad1 Na5 14.Bd3 c5 15.h3 Rac8
16.Rfe1 cxd4 17.cxd4 h6 18.Rc1 Rc7 19.Qd2 Rdc8 20.Rcd1 Nc4 21.Bxc4 Rxc4 22.d5 exd5
23.exd5 Qd6 24.Re3 R4c5 25.Rd3 Rd8 26.Qe3 a5 27.Nh4 Qf6 28.d6 Qxh4 29.d7 Qf6
30.Qe8+ Kh7 31.Re3 Rc2 32.Rf1 Bc6  0-1

[Event "Blitz Exhibition Match"]
[Site "Saint Louis USA"]
[Date "2012.06.13"]
[Round "9"]
[White "Karpov,Ana"]
[Black "Seirawan,Y"]
[Result "0-1"]
[WhiteElo "2615"]
[BlackElo "2643"]

1.d4 Nf6 2.c4 c5 3.d5 b5 4.cxb5 a6 5.bxa6 g6 6.Nc3 Bxa6 7.e4 Bxf1 8.Kxf1 d6
9.Nf3 Bg7 10.h3 O-O 11.Kg1 Nbd7 12.Kh2 Qa5 13.Re1 Rfb8 14.Qc2 Ne8 15.Bd2 Nc7
16.b3 Qa3 17.Bc1 Qb4 18.Bd2 Ne5 19.Nxe5 Bxe5+ 20.f4 Bg7 21.Na4 Qb7 22.Bc3 Nb5
23.Bxg7 Kxg7 24.Rad1 Nd4 25.Qc3 Kg8 26.Re3 Qb4 27.Qxb4 Rxb4 28.Rd2 Kf8 29.Nc3 f5
30.e5 Rb7 31.g4 Kf7 32.Kg3 h6 33.Ne2 Nb5 34.Ng1 Rba7 35.a4 Nd4 36.Nf3 Nxf3
37.Kxf3 Rb7 38.exd6 exd6 39.Rde2 Rab8 40.Kg2 Rd7 41.g5 Rb4 42.Kf3 hxg5 43.fxg5 Rdb7
44.Re6 Rxb3+ 45.Kf2 Rxh3 46.a5 Rh2+ 47.Kg3 Rxe2 48.Rxe2 Rb3+ 49.Kf2 Ra3 50.Re6 Rxa5
51.Rxd6 c4 52.Ke3 c3 53.Kd4 Rc5 54.Ke5  0-1

[Event "Blitz Exhibition Match"]
[Site "Saint Louis USA"]
[Date "2012.06.13"]
[Round "10"]
[White "Seirawan,Y"]
[Black "Karpov,Ana"]
[Result "1/2-1/2"]
[WhiteElo "2643"]
[BlackElo "2615"]

1.e4 c5 2.Nc3 e6 3.g3 Nc6 4.Bg2 g6 5.d3 Bg7 6.Be3 d6 7.Qd2 Rb8 8.f4 Nge7
9.Nf3 b5 10.a3 a5 11.Nd1 b4 12.axb4 axb4 13.h4 h5 14.O-O O-O 15.Rb1 Ra8 16.Nf2 Ra2
17.d4 Na5 18.b3 Qc7 19.Rfc1 Bb7 20.Qd1 c4 21.Ra1 Rxa1 22.Rxa1 Ra8 23.Bd2 Qb6
24.Be1 cxb3 25.cxb3 Nac6 26.Rxa8+ Bxa8 27.e5 Na5 28.Nd3 Bxf3 29.Qxf3 Nxb3
30.Qa8+ Kh7 31.Bf2 d5 32.Qe8 Nf5 33.Qxf7 Nbxd4 34.g4 hxg4 35.h5 gxh5 36.Qxh5+ Kg8
37.Qe8+ Kh7 38.Qh5+ Kg8 39.Qe8+  1/2-1/2

[Event "113th US Open 2012"]
[Site "Vancouver USA"]
[Date "2012.08.04"]
[Round "1"]
[White "Parsons,M"]
[Black "Seirawan,Y"]
[Result "0-1"]
[WhiteElo "1991"]
[BlackElo "2620"]

1.e4 c5 2.Nf3 e6 3.d4 cxd4 4.Nxd4 Nc6 5.Nb5 d6 6.Bf4 Ne5 7.N1c3 a6 8.Bxe5 dxe5
9.Qxd8+ Kxd8 10.O-O-O+ Bd7 11.Nd6 Bxd6 12.Rxd6 Ke7 13.Rd2 Nf6 14.Be2 g5 15.Bd3 Bc6
16.Re1 g4 17.b3 Rag8 18.Nd1 Rg5 19.Ne3 Bxe4 20.Nc4 Bxd3 21.cxd3 Rc8 22.Kb2 Rh5
23.Nxe5 Rxh2 24.g3 h5 25.Nc4 Nd5 26.Rg1 f6 27.a3 Rg8 28.Re2 h4 29.Rge1 hxg3
30.Rxe6+ Kf7 31.Nd6+ Kg6 32.R1e4 Rxf2+ 33.Kc1 Nf4  0-1

[Event "113th US Open 2012"]
[Site "Vancouver USA"]
[Date "2012.08.06"]
[Round "3"]
[White "Yu,C"]
[Black "Seirawan,Y"]
[Result "0-1"]
[WhiteElo "2167"]
[BlackElo "2620"]

1.Nf3 d5 2.c4 d4 3.b4 f6 4.e3 e5 5.exd4 e4 6.Qe2 Qe7 7.Ng1 Nc6 8.a3 Nxd4
9.Qd1 Nh6 10.Ne2 Bg4 11.h3 Bxe2 12.Bxe2 Qe5 13.Ra2 Nhf5 14.d3 O-O-O 15.g3 g5
16.Kf1 h5 17.Rg1 e3 18.Bxh5 exf2 19.Kxf2 c5 20.Nc3 cxb4 21.axb4 Nc6 22.Bg4 Kb8
23.Nd5 Nxb4 24.Re2 Bc5+ 25.Ke1 Qd4 26.Rgg2 Nxd3+ 27.Kf1 Qxg4  0-1

[Event "113th US Open 2012"]
[Site "Vancouver USA"]
[Date "2012.08.07"]
[Round "4"]
[White "Seirawan,Y"]
[Black "Raptis,N"]
[Result "1-0"]
[WhiteElo "2620"]
[BlackElo "2268"]

1.d4 Nf6 2.Nf3 e6 3.g3 d5 4.Bg2 Be7 5.O-O O-O 6.c4 dxc4 7.Qa4 a6 8.Qxc4 b5
9.Qc2 Bb7 10.Bf4 Bd6 11.Nbd2 Nbd7 12.Rfc1 Rc8 13.Nb3 Be4 14.Qd2 Nd5 15.Ne5 Bxg2
16.Kxg2 Bxe5 17.Bxe5 N5b6 18.Bf4 Nc4 19.Qb4 Ndb6 20.Rc2 a5 21.Qxb5 a4 22.Nd2 Qxd4
23.Rxc4 Nxc4 24.Qxc4 Qxb2 25.Rb1 Qa3 26.Rb4 c5 27.Rb7  1-0

[Event "113th US Open 2012"]
[Site "Vancouver USA"]
[Date "2012.08.09"]
[Round "6"]
[White "Seirawan,Y"]
[Black "Norowitz,Yaacov"]
[Result "1/2-1/2"]
[WhiteElo "2620"]
[BlackElo "2407"]

1.d4 d5 2.c4 e6 3.Nc3 Be7 4.cxd5 exd5 5.Bf4 c6 6.Qc2 g6 7.e3 Bf5 8.Bd3 Bxd3
9.Qxd3 Nf6 10.Nf3 Nbd7 11.h3 O-O 12.O-O Re8 13.Qc2 a5 14.a3 Qb6  1/2-1/2

[Event "113th US Open 2012"]
[Site "Vancouver USA"]
[Date "2012.08.10"]
[Round "7"]
[White "Shetty,A"]
[Black "Seirawan,Y"]
[Result "0-1"]
[WhiteElo "2267"]
[BlackElo "2620"]

1.c4 e5 2.g3 Nc6 3.Nc3 g6 4.Bg2 Bg7 5.e4 Nd4 6.Nge2 Nxe2 7.Qxe2 Ne7 8.O-O d6
9.d3 O-O 10.Rb1 c6 11.f4 Be6 12.g4 f5 13.gxf5 gxf5 14.Kh1 Ng6 15.fxe5 Qh4
16.Qf2 Qxf2 17.Rxf2 Nxe5 18.Bh3 Nxd3 19.Rg2 Kh8 20.Bg5 Rae8 21.Rd2 fxe4 22.Bxe6 Rxe6
23.Nxe4 Rxe4 24.Rxd3 Be5 25.Rd2 Rxc4 26.Be7 Rf7 27.Bxd6 Bxd6 28.Rxd6 Kg7
29.Rg1+ Kf8 30.Rd8+ Ke7 31.Rd2 Rcf4 32.Re1+ Kf6 33.Red1 Ke5 34.Kg2 a5 35.Re2+ Re4
36.Rxe4+ Kxe4 37.Rd8 a4 38.b3 axb3 39.axb3 c5 40.h3 b5 41.Rb8 b4 42.Rd8 Ra7
43.h4 Ra2+ 44.Kg1 Ra3 45.Rc8 Kd4 46.Rd8+ Kc3 47.Rc8 Ra5  0-1

[Event "113th US Open 2012"]
[Site "Vancouver USA"]
[Date "2012.08.11"]
[Round "8"]
[White "Seirawan,Y"]
[Black "Bercys,S"]
[Result "1/2-1/2"]
[WhiteElo "2620"]
[BlackElo "2420"]

1.c4 Nf6 2.Nc3 g6 3.e4 d6 4.d4 Bg7 5.Bd3 O-O 6.Nge2 Nc6 7.O-O e5 8.d5 Nd4
9.Bg5 h6 10.Bh4 c5 11.Rb1 g5 12.Bg3 h5 13.f3 h4 14.Be1 Nh5 15.b4 Nf4 16.bxc5 dxc5
17.Nxf4 exf4 18.Nb5 Be5 19.Nxd4 Bxd4+ 20.Bf2 Qf6 21.h3 Rd8 22.Bc2 Bxf2+ 23.Rxf2 Qe5
24.Qc1 Kg7 25.Qa3 b6 26.Ba4 Bb7 27.Qb2 Kf6 28.Kf1 Qxb2 29.Rfxb2 Ba6 30.Rc1 Ke5
31.Ke2 Rac8 32.Kd3 Rc7 33.Kc3 Bc8 34.Bc6 Kd6 35.a4 Re7 36.a5 f5 37.axb6 axb6
38.Rxb6 fxe4 39.Ba4+ Ke5 40.fxe4 f3 41.gxf3 Rf7 42.Bd1 Bxh3 43.Rc2 Kf4 44.Rd2 Rh8
45.Rc6 Bd7 46.Rxc5 h3 47.Rh2 Kg3 48.Rh1 Kg2 49.Re1 h2 50.Ra5 h1=Q 51.Ra2+ Kg3
52.Rxh1 Rxh1 53.Rd2 Re1 54.c5 g4 55.fxg4 Rxe4 56.c6 Bxg4 57.Bxg4 Kxg4 58.d6 Rff4
59.d7 Rc4+ 60.Kb2 Rf8 61.Rg2+ Kh3 62.Rc2 Rd4 63.Kc3 Rd6 64.Kb4 Rd8 65.c7 R6xd7
66.cxd8=Q Rxd8  1/2-1/2

[Event "113th US Open 2012"]
[Site "Vancouver USA"]
[Date "2012.08.12"]
[Round "9"]
[White "Seirawan,Y"]
[Black "Leon Hoyos,M"]
[Result "1/2-1/2"]
[WhiteElo "2620"]
[BlackElo "2579"]

1.d4 Nf6 2.c4 c5 3.d5 b5 4.cxb5 a6 5.b6 d6 6.Nc3 Nbd7 7.e4 g6 8.Nf3 Rb8 9.h3 Bg7
10.Bd3 O-O 11.O-O Qxb6 12.Qc2 a5 13.Na4 Qa7 14.Bd2 Ba6 15.Bc3 Nb6 16.Nxb6 Rxb6
17.Nd2 Nd7 18.Bxg7  1/2-1/2